| 000 | 00683nam a22002297a 4500 | ||
|---|---|---|---|
| 008 | 240625b mp ||||| |||| 00| 0 mon d | ||
| 020 | _a99929-0-223-Х | ||
| 035 | _a10915 | ||
| 040 |
_aGA0182080 _bmon _cMN-UlNLM _dMN-UlNLM _erda |
||
| 041 | _amon | ||
| 042 | _a73813 | ||
| 084 |
_2NNA _a84(5) _bЧ-205 |
||
| 100 | _aЧандар К. | ||
| 245 | 0 | _aМянган эрийн сэтгэлийн булаасан бүсгүй: | |
| 264 |
_aУлаанбаатар _b"Мон судар" _c2003 |
||
| 300 | _a107х. | ||
| 336 |
_2rdacontent _atext _btxt |
||
| 337 |
_2rdamedia _aunmediated _bn |
||
| 338 |
_2rdacarrier _avolume _bnc |
||
| 650 | _aмянган | ||
| 942 |
_2NNA _cBK |
||
| 999 |
_c1033352 _d1033409 |
||